| 000 | 00631nam a2200205 a 4500 | ||
|---|---|---|---|
| 001 | 22493 | ||
| 003 | CO-ViMGA | ||
| 008 | 141112s2004 ck r 000 u spa d | ||
| 040 |
_aCO-ViMGA _bspa _cCO-ViMGA |
||
| 082 | 0 | 4 | _aCo863 E238a |
| 100 | 1 |
_aEcheverri Restrepo, Javier _931921 |
|
| 245 | 1 | 0 | _aAdiós Caballo |
| 260 |
_aMedellín : _bSecretaria de Educaión, _c2003 |
||
| 300 | _a68 | ||
| 590 | _aForma de adquisición : Donación - - Precio : 15.000 - - Fecha de adquisición : 2008 | ||
| 650 | 1 | 4 |
_aGUERRA - NOVELA _915640 |
| 650 | 1 | 4 |
_aNOVELA AMOROSA COLOMBIANA _92106 |
| 650 | 1 | 4 |
_aNOVELA COLOMBIANA _91193 |
| 942 |
_2ddc _cBK |
||
| 999 |
_c30799 _d30799 |
||